Les Principaux Rôles d'Arnold Schwarzenegger au Cinéma - Statistiques

Statistiques générales
  • Ce quiz a été pris 60 fois
  • Le résultat moyen est 10 sur 25
Statistiques - réponses
Hint Réponse % Correct
Le T-800 Terminator
93%
Conan Conan le Barbare
91%
Dr Victor Fries / Mister Freeze Batman et Robin
80%
Kalidor Kalidor
70%
Jack Slater / Lui-même Last Action Hero
70%
Le Major Alan « Dutch » Schaffer Predator
57%
Le Capitaine Ivan Danko Double Détente
46%
Douglas Quaid / Carl Hauser Total Recall
44%
John Matrix Commando
43%
Trench Mauser Expendables
39%
John Kimble Un Flic à la Maternelle
37%
Julius Benedict Jumeaux
35%
Le Prince Hapi Le Tour du Monde en quatre-vingts jours
35%
Harry Tasker True lies
35%
Dr Alex Hesse Junior
30%
Jericho Caine La fin des Temps
28%
Adam Gibson A l'aube du sixième jour
26%
John Kruger L'effaceur
26%
Emil Rottmayer / Victor Manheim Evasion
22%
Mark Kaminsky Le Contrat
22%
Ben Richards Running Man
20%
Roman Melnyk Aftermath
15%
Howard Langston La Course au Jouet
13%
Gordy Brewer Dommage collatéral
11%
Wade Vogel Maggie
6%
Aucun quiz correspondant
Distribution des résultats
% des personnes avec chaque résultat
Percentile par nombre de réponses
Votre historique - résultats
Vous n’avez pas pris ce quiz